| 000 | 01175nam a2200301 a 4500 | ||
|---|---|---|---|
| 001 | 000005026 | ||
| 003 | DO-SdBNP | ||
| 005 | 20250618120859.0 | ||
| 008 | 090729s2007 dr a 001 j spa d | ||
| 020 | _a9789945161687 | ||
| 040 |
_aDO-SdBNP _bspa _cBNPHU |
||
| 082 | 4 |
_aRD863.5 _bE18v, 2007 _222 |
|
| 100 | 1 |
_aEchavarría, Aglae _91535 |
|
| 245 | 1 | 0 |
_aUn viaje hacia la muerte / _cAglae Echavarría. |
| 250 | _a2ª ed. | ||
| 260 |
_aSanto Domingo : _bComisión Permanente de Efemérides Patrias, _c2007. |
||
| 300 |
_a30 p. : _bil. ; _c22 cm. |
||
| 490 | 1 |
_aPublicaciones de la Comisión Permanente de Efemérides Patrias _v25 |
|
| 505 | 0 |
_aLiminar -- _tIntroducción -- _tUn viaje hacia la muerte -- _tÍndice de fotografías. |
|
| 600 | 1 | 0 |
_aMirabal Reyes, Minerva, _d1926-1960 _xMuerte _914478 |
| 600 | 1 | 0 |
_aMirabal Reyes, Maria Teresa _d1935-1960 _xMuerte _914479 |
| 600 | 1 | 0 |
_a Mirabal Reyes, Patria, _d1924-1960 _xMuerte _914480 |
| 650 | 0 |
_aCuentos dominicanos _9176 |
|
| 650 | 0 |
_aLiteratura dominicana. _967 |
|
| 830 | 0 |
_aPublicaciones de la Comisión Permanente de Efemérides Patrias _v25 _914481 |
|
| 910 | _aValidado. Control de calidad EMS | ||
| 942 |
_2ddc _cLBS1 |
||
| 999 |
_c4831 _d4831 |
||